Paragrafy a podnikateľ

Guardado en:
Detalles Bibliográficos
Autor principal: Práznovský, Alexander
Otros Autores: Korec, Štefan, Staneková, Eva
Formato: Libro
Lenguaje:eslovaco
Publicado: Bratislava Práca 1996
Edición:1. vyd.
Materias:
Etiquetas: Agregar Etiqueta
Sin Etiquetas, Sea el primero en etiquetar este registro!

MARC

LEADER 00000nam a2200000 4500
001 c013191
005 20250515112243.1
020 |a 80-7094-299-1 
041 0 |a slo 
044 |a SK 
245 1 0 |a Paragrafy a podnikateľ  |c Alexander Práznovský, Štefan Korec 
250 |a 1. vyd. 
264 1 |a Bratislava  |b Práca  |c 1996 
300 |a 160 s. 
610 2 0 |a právo 
610 2 0 |a právo hospodárske 
610 2 0 |a podnikatelia 
610 2 0 |a podnikanie 
610 2 0 |a zákony 
610 2 0 |a zákonník práce 
610 2 0 |a zákonník obchodný 
610 2 0 |a politika zamestnanosti 
610 2 0 |a poistenie zdravotné 
610 2 0 |a poistenie nemocenské 
610 2 0 |a poistenie dôchodkové 
610 2 0 |a kriminalita hospodárska 
610 2 0 |a sústava daňová 
100 1 |a Práznovský, Alexander 
700 1 |a Korec, Štefan 
700 1 |a Staneková, Eva